000 01075nas a2200349 4500
001 BR0601820
003 BR-BrBNA
005 20231205105953.0
007 ta
008 230509b bl.|||p| |||| 00| 00por d
040 _aBR-BrBNA
_bpor
_cBiblioteca Nacional de Agricultura
041 _a(Pt)
072 _aF50; F60
100 1 _aFerrer, J.L.R.
100 1 _aCastro, E.M. de
100 1 _aAlves, J.D.
100 1 _aAlencar, M.A.
100 1 _aSilva, S. da
100 1 _aVieira, C.V.
100 1 _aMagalhães, P.C.
245 1 _aEfeito do cálcio sobre as características anatômicas de raízes de milho (Zea mays L.)"saracura" BRS-4154 submetido ao alagamento em casa de vegetação
650 _aMILHO
650 _aGRÃO
650 _aANATOMIA VEGETAL
650 _aRAÍZ
650 _aCLORETO DE CÁLCIO
650 _aIRRIGAÇÃO
650 _aESTUFA
773 0 _tRevista Brasileira de Milho e Sorgo (Brazil)
_xISSN 1676-689X
_g(May-Aug 2004), v. 3(2) p. 172-181
_wBR0601820
909 _a202311
_bLúcia
_c55
_dLúcia Elande
942 _2AGRIS
_n0
_cANA
999 _c185612
_d185612